000 00722nam a2200205Ia 4500
005 20241216011501.0
008 190429s9999||||xx |||||||||||||| ||und||
082 _a336.294
_bA65
100 _aARANA ORELLANA JESUS ENRIQUE, PUCUHUAYLA PEREZ DAVID JEREMIAS
245 0 _aPROCEDIMIENTO CONTENCIOSO TRIBUTARIO COMO FUNDAMENTO DE LA PRESION TRIBUTARIA A LOS PRINCIPALES CONTRIBUYENTES DE LA PROVINCIA DE PASCO
250 _a0
260 _aCERRO DE PASCO-PERU
_bUNDAC
_c2000
300 _a101 pag.
_c30 cm.
341 _h0
490 _v0
_a0
505 _aPROCEDIMIENTO TRIBUTARIO/RENTABILIDAD/PRESION TRIBUTARIA
541 _aD
_bARANA ORELLANA, JESUS E.
_d04-Mar-02
_oSoles
650 _aContabilidad
942 _cTESIS
999 _c43137
_d43137